000 00652nam a2200205Ia 4500
003 GCL
008 140319s9999 xx 000 0 ara d
040 _aGCL /
_cGCL
082 0 4 _aط
_b813.085
_bد س
100 1 _aدار الراتب الجامعية
245 1 0 _aفتاه الريف /
_cدار الراتب الجامعية
260 _a[S.N] :
_bدار الراتب الجامعية
490 _aسلسلة روايات سوفنير الرومانسية
_v0
650 0 4 _aالقصص العربية
650 0 4 _aالاطفال
650 0 4 _aالقصص العاطفية
650 0 4 _aالادب
650 0 4 _aالقصص
942 _2ddc
_cBK
999 _c33718
_d33718